Sitakant Mahapatra: (Record no. 181862)

MARC details
000 -LEADER
fixed length control field 00591nam a22001817a 4500
005 - DATE AND TIME OF LATEST TRANSACTION
control field 20221017125134.0
010 ## - LCCN (DPL NO)
LC control number B-745983
020 ## - INTERNATIONAL STANDARD BOOK NUMBER
International Standard Book Number 9789391017217
Terms of availability 450.00
037 ## - SOURCE OF ACQUISITION
Source of stock number/acquisition Sahitya Akademi
082 ## - DEWEY DECIMAL CLASSIFICATION NUMBER
Classification number 884
245 ## - TITLE STATEMENT
Title Sitakant Mahapatra:
Remainder of title a reader /
Statement of responsibility, etc edited by Bhagaban Jayasingh
250 ## - EDITION STATEMENT
Edition statement 1st
260 ## - PUBLICATION, DISTRIBUTION, ETC. (IMPRINT)
Place of publication, distribution, etc New Delhi
Name of publisher, distributor, etc Sahitya Akademi
Date of publication, distribution, etc 2021
270 ## - ADDRESS
Address Rabindra Bhavan, 35 Ferozshah Road
City New Delhi
Postal code 110001
300 ## - PHYSICAL DESCRIPTION
Extent xiii, 266p.
Dimensions 24cm(pbk)
942 ## - ADDED ENTRY ELEMENTS (KOHA)
Source of classification or shelving scheme Dewey Decimal Classification
Item type English Books
Call number suffix SIT
Classification part 884
Holdings
Withdrawn status Lost status Not for loan Collection code Home library Current library Date acquired Source of acquisition Cost, normal purchase price Full call number Barcode Copy number Cost, replacement price Koha item type Public note
      Non-fiction Central Library Central Library 17/10/2022 6.10.22/Gift 450.00 884 SIT B-745983 1 450.00 English Books Gift

© Delhi Public Library
Hit Counter
free hit counter